000 00437nam a2200145Ia 4500
008 100204s9999 xx 000 0 und d
082 _b11386
100 _aकाकोडकर चंद्र्रकांत
245 _aअभिमान
260 _b"मनोरमा प्रकाशन , मुंबई"
_c1989
300 _a186
630 _aअभिमान
730 _aअभिमान
942 _cBOOK
999 _c455822
_d455819